Movies Quiz

Random Movies or Actress Quiz

City Movies Quiz Stats

 Plays Quiz Updated Dec 12, 2018

Support Sporcle.
Go Orange.
Score 0/27 Timer 07:00
0 Plays Today
Year Movie % Correct
1993Sleepless in Seattle
76.6%
1993Philadelphia
56.1%
1942Casablanca
49%
2002Chicago
49%
2002Gangs of New York
39.7%
1984Beverly Hills Cop
35.5%
1995Leaving Las Vegas
35%
1997L.A. Confidential
31.5%
1981Escape from New York
30.3%
1944Meet Me in St. Louis
22%
1991Doc Hollywood
18.2%
2006Miami Vice
14.8%
1998Fear and Loathing in Las Vegas
14.1%
1991L.A. Story
12.7%
Year Movie % Correct
1995Forget Paris
10.8%
2008Vicky Cristina Barcelona
10.7%
20073:10 to Yuma
7%
1984Moscow on the Hudson
6.1%
1999Detroit Rock City
5.7%
1981An American Werewolf in London
5.1%
1995Things to Do in Denver When You're Dead
5%
2011Midnight in Paris
3.1%
1985The Purple Rose of Cairo
3%
1990Memphis Belle
1.9%
2010From Paris With Love
1.4%
2011Battle: Los Angeles
1%
1940Santa Fe Trail
1%

You're not logged in!

Compare scores with friends on all Sporcle quizzes.
OR
Log In
Forgot?

From the Vault

Test Your Reflexes V

by Bolafssonify

This quiz is certainly cheaper than your average checkup.
Remove Ads.
Support Sporcle.
Get the best of Sporcle when you Go Orange. This ad-free experience offers more features, more stats, and more fun while also helping to support Sporcle. Thank you for becoming a member.

Show Comments

Extras

Top Quizzes Today


Score Distribution

Your Account Isn't Verified!

In order to create a playlist on Sporcle, you need to verify the email address you used during registration. Go to your Sporcle Settings to finish the process.

Report this User

Report this user for behavior that violates our Community Guidelines.

Details: